[Event "Venetian Autumn"]
[Site "Venice ITA"]
[Date "2006.11.04"]
[Round "2"]
[White "Pastres,R"]
[Black "Fattorelli,L"]
[Result "1-0"]
[WhiteElo "2104"]
[BlackElo "2059"]

1.e4 d6 2.d4 Nf6 3.Nc3 c6 4.g3 e5 5.dxe5 dxe5 6.Qxd8+ Kxd8 7.Bc4 Bb4 8.f3 Ke7
9.Ne2 Nbd7 10.a3 Bd6 11.Be3 b5 12.Ba2 Bc5 13.Bxc5+ Nxc5 14.b4 Nb7 15.Nc1 Be6
16.Nd3 Nd7 17.f4 Bxa2 18.Rxa2 f6 19.Ke2 exf4 20.gxf4 Nd6 21.a4 a6 22.Rha1 Rab8
23.axb5 axb5 24.Ra7 Nc8 25.R7a6 Kd6 26.Ke3 Re8 27.Kd4 Re7 28.R1a5 Rb6 29.e5+ Kc7
30.Ne4 Rxa6 31.Rxa6 fxe5+ 32.fxe5 Nf8 33.Nec5 Nd7 34.Ra1 Ndb6 35.Rf1 Nd5
36.Rf8 Ndb6 37.e6 Nc4 38.Rh8  1-0

[Event "10th Corsica Masters KO"]
[Site "Bastia FRA"]
[Date "2006.11.05"]
[Round "1.4"]
[White "Motylev,A"]
[Black "Gagunashvili,M"]
[Result "1/2-1/2"]
[WhiteElo "2662"]
[BlackElo "2611"]

1.e4 d6 2.d4 Nf6 3.Nc3 e5 4.dxe5 dxe5 5.Qxd8+ Kxd8 6.Bg5 Nd7 7.O-O-O Bd6
8.f3 a6 9.Nh3 h6 10.Bh4 Ke8 11.Nf2 b6 12.a3 Bb7 13.Bc4 Ke7 14.Bd5 Bxd5 15.Nxd5+ Ke6
16.Rhe1 c6 17.Ne3 Rhd8 18.Nf5 Bf8 19.Ng4 h5 20.Nxf6 Nxf6 21.Bf2 b5 22.Bb6 Rxd1+
23.Rxd1 g6 24.Ng3 Rb8 25.Be3 Be7 26.Nf1 Rd8 27.Rxd8 Bxd8 28.Nd2 Nd7 29.c4 f5
30.Kc2 Bb6 31.Bxb6 Nxb6 32.c5 Nd7 33.b4 f4 34.Nb3 Nf6 35.Na5 Kd7 36.Nb7 Ne8
37.Kd3 g5 38.h3 Kc7 39.Na5 h4 40.Kc3 Kd7 41.Kd3 Nf6 42.Nb7 Ne8 43.Na5  1/2-1/2

[Event "10th Corsica Masters KO"]
[Site "Bastia FRA"]
[Date "2006.11.05"]
[Round "1.1"]
[White "Motylev,A"]
[Black "Gagunashvili,M"]
[Result "0-1"]
[WhiteElo "2662"]
[BlackElo "2611"]

1.e4 d6 2.d4 Nf6 3.Nc3 e5 4.dxe5 dxe5 5.Qxd8+ Kxd8 6.Bc4 Ke8 7.Bg5 Nbd7 8.f3 a6
9.a4 h6 10.Bh4 b6 11.Nd1 Bc5 12.Ne2 Nf8 13.Nc1 Be6 14.Bxe6 Nxe6 15.Nd3 Nd7
16.c3 f6 17.Ke2 Kf7 18.b4 Be7 19.Ne3 Rhd8 20.Bf2 a5 21.Nd5 Bd6 22.Rhd1 Nb8
23.b5 Nd7 24.g3 Rac8 25.f4 exf4 26.gxf4 Nec5 27.Nxc5 Bxc5 28.Bg3 c6 29.bxc6 Rxc6
30.Kf3 Bd6 31.h4 g5 32.hxg5 hxg5 33.fxg5 fxg5 34.Rab1 Bxg3 35.Kxg3 Nc5 36.Kf3 Nxa4
37.Rf1 Kg7 38.Kg4 Re8 39.Kxg5 Rxe4 40.Kf5  0-1

[Event "10th Corsica Masters KO"]
[Site "Bastia FRA"]
[Date "2006.11.05"]
[Round "1.5"]
[White "Motylev,A"]
[Black "Gagunashvili,M"]
[Result "0-1"]
[WhiteElo "2662"]
[BlackElo "2611"]

1.e4 d6 2.d4 Nf6 3.Nc3 e5 4.Nf3 Nbd7 5.Bc4 Be7 6.O-O O-O 7.Re1 c6 8.a4 h6
9.h3 Re8 10.Ba2 Qc7 11.dxe5 dxe5 12.Nh4 Nf8 13.Qf3 Be6 14.Bxe6 Nxe6 15.Nf5 Kh7
16.Qg3 Bf8 17.Qh4 Ng8 18.Ne2 g6 19.Ne3 Be7 20.Qg3 Nf6 21.Nc4 Nxe4 22.Qe3 N6g5
23.Nc3 Bc5 24.Nxe4 Bxe3 25.Nf6+ Kg7 26.Nxe8+ Rxe8 27.Bxe3 b6 28.Rad1 f6 29.Rd3 Rd8
30.Red1 Rxd3 31.Rxd3 Nf7 32.b3 h5 33.f3 Qe7 34.Bf2 Qc7 35.Rd1 Qe7 36.a5 bxa5
37.Nxa5 Qc7 38.Nc4 a6 39.Bc5 Qb7 40.Ra1 Qd7 41.Kf2 Qf5 42.Ne3 Qd7 43.Rd1 Qb7
44.Nc4 Qb5 45.Be3 Qb7 46.Nb6 Qe7 47.Rd7 Qb4 48.Nc4 Kg8 49.Ra7 Qc3 50.Na3 Qa5
51.Nc4 Qc3 52.Na3 Qa5 53.Nc4 Qc3 54.Ra8+ Kh7 55.Rxa6 Qxc2+ 56.Nd2 Kg7 57.Ke2 f5
58.Ra7 h4 59.b4 Kf6 60.Bc5 Kg7 61.Rc7 Qa4 62.Rb7 Qa6+  0-1

[Event "OCF Nov FIDE Open"]
[Site "Stillwater USA"]
[Date "2006.11.05"]
[Round "4"]
[White "Coleman,M"]
[Black "Braunlich,T"]
[Result "1-0"]
[WhiteElo "2182"]
[BlackElo "2191"]

1.e4 d6 2.d4 Nf6 3.Nc3 e5 4.Nf3 exd4 5.Nxd4 Be7 6.Be2 O-O 7.O-O Re8 8.f4 Bf8
9.Bf3 Na6 10.Nb3 c6 11.a4 Be6 12.Nd4 Bd7 13.Kh1 Nc5 14.Re1 a5 15.e5 dxe5
16.fxe5 Nd5 17.Nxd5 cxd5 18.Bxd5 Bxa4 19.Qf3 Qc7 20.b3 Bc6 21.Nxc6 bxc6 22.Bxc6 Rxe5
23.Bf4 Rc8 24.Bxe5 Qxc6 25.Qxc6  1-0

[Event "Venetian Autumn"]
[Site "Venice ITA"]
[Date "2006.11.05"]
[Round "4"]
[White "Pastres,R"]
[Black "Barletta,M"]
[Result "0-1"]
[WhiteElo "2104"]
[BlackElo "2244"]

1.e4 d6 2.d4 Nf6 3.Nc3 e5 4.Nf3 exd4 5.Nxd4 Be7 6.Bf4 O-O 7.Qd2 Nc6 8.O-O-O Nxd4
9.Qxd4 Be6 10.Kb1 Nd7 11.Nd5 Bxd5 12.Qxd5 Bf6 13.g4 Bxb2 14.g5 c6 15.Qb3 Be5
16.Bxe5 Nxe5 17.f4 Ng4 18.Rd2 Qb6 19.Qxb6 axb6 20.Bh3 Ne3 21.Rxd6 Ra4 22.Re1 Rxe4
23.Rd3 Rb4+ 24.Kc1 Nd5 25.f5 Nf4 26.Rf3 Nxh3 27.Rxh3 Rf4 28.f6 gxf6 29.gxf6 Rxf6
30.Re7 Ra8 31.Kb2 b5 32.Rxb7 Ra4 33.Rg3+ Kf8 34.Rh3 h6 35.Rc7 Rc4 36.Rc8+ Ke7
37.Rh8 Rf2  0-1

[Event "TCh-ROM Divizia A Feminin"]
[Site "Predeal ROM"]
[Date "2006.11.07"]
[Round "4"]
[White "Petrenko,S"]
[Black "Voiska,M"]
[Result "1/2-1/2"]
[WhiteElo "2325"]
[BlackElo "2301"]

1.e4 d6 2.d4 Nf6 3.Nc3 e5 4.Nf3 Nbd7 5.Bc4 Be7 6.O-O O-O 7.a4 c6 8.Ba2 h6
9.h3 exd4 10.Nxd4 Ne5 11.f4 Ng6 12.Be3 Re8 13.Qf3 Bf8 14.Bf2 Bd7 15.Rad1 Qc7
16.g4 a6 17.Bg3 c5 18.Nf5 Bc6 19.Rfe1 b5 20.g5 hxg5 21.fxg5 Nh7 22.Nxd6 Bxd6
23.Bxd6 Qa7 24.Bd5 Nxg5 25.Qg4 Bxd5 26.Rxd5 Ne6 27.axb5 axb5 28.Nxb5 Qa2
29.Nc7 Nxc7 30.Bxc7 Qxb2 31.Rd2 Qc3 32.Rde2 Ne5 33.Bxe5 Rxe5 34.Kh2 Rae8
35.Rg1 R5e6 36.Rg3 Qe5  1/2-1/2

[Event "RGSU Masters"]
[Site "Moscow RUS"]
[Date "2006.11.08"]
[Round "3"]
[White "Kislov,O"]
[Black "Markosian,D"]
[Result "1-0"]
[WhiteElo "2267"]
[BlackElo "2359"]

1.e4 d6 2.d4 Nf6 3.Nc3 e5 4.Nf3 Nbd7 5.Bc4 Be7 6.Ng5 O-O 7.Bxf7+ Rxf7 8.Ne6 Qe8
9.Nxc7 Qd8 10.Nxa8 b5 11.dxe5 dxe5 12.Nd5 Bd6 13.Be3 Bb7 14.Qd3 Nxd5 15.exd5 a6
16.a4 b4 17.c4 Qxa8 18.O-O Nc5 19.Qe2 Qe8 20.Rae1 Rf8 21.g4 Rf7 22.Bxc5 Bxc5
23.Qxe5 Re7 24.Qc7 Bxf2+ 25.Kxf2 Qf8+ 26.Kg3 Rxc7 27.Rxf8+ Kxf8 28.Re4 Re7
29.Kf4 g5+ 30.Ke3 Bc8 31.h3 Bd7 32.a5 Rf7 33.c5 Bb5 34.Rxb4 Ke7 35.Re4+ Kd7
36.Re5 h6 37.Re6 Re7 38.Rxe7+ Kxe7 39.b4 Bf1 40.Kd4 Kd7 41.Ke5 Bc4 42.c6+ Kc8
43.Kd4 Bf1 44.d6 Bb5 45.Kc5 Be2 46.Kb6  1-0

[Event "Petersburg Autumn"]
[Site "St Petersburg RUS"]
[Date "2006.11.08"]
[Round "9"]
[White "Frolochkin,V"]
[Black "Nikitinyh,B"]
[Result "1-0"]
[WhiteElo "2232"]
[BlackElo "2267"]

1.e4 d6 2.d4 Nf6 3.Nc3 c6 4.Be3 Qc7 5.h3 e5 6.Nf3 Be7 7.a4 O-O 8.Bc4 Nbd7
9.O-O h6 10.Re1 Re8 11.Ba2 Nf8 12.Nh2 Be6 13.d5 Bd7 14.Ng4 Nxg4 15.hxg4 Nh7
16.g3 Bg5 17.Bxg5 Nxg5 18.Kg2 Rad8 19.f3 Bc8 20.Qd3 c5 21.Nb5 Qe7 22.Nxa7 Bd7
23.Bc4 h5 24.gxh5 Bh3+ 25.Kf2 Qf6 26.Qe3 Bg4 27.Be2 Bxh5 28.Kg2 Qe7 29.g4 Bg6
30.c3 Ra8 31.Nb5 f6 32.Na3 Kf7 33.Bb5 Rh8 34.Rh1 Rag8 35.b4 b6 36.Nc4 Qd8
37.Kg3 Rxh1 38.Rxh1 Rh8 39.Qe1 Ke7 40.Bc6 Qb8 41.b5 Qd8 42.a5 bxa5 43.b6 a4
44.b7 Qb8 45.Nb6 Rd8 46.Kf2 a3 47.Ke3 Kf7 48.Qb1 Qa7 49.Qb3 c4 50.Qb4 a2
51.Ra1 Rh8 52.Qb2 Rh2 53.Rxa2 Qb8 54.Qxh2  1-0

[Event "RGSU GM"]
[Site "Moscow RUS"]
[Date "2006.11.09"]
[Round "4"]
[White "Mongontuul,B"]
[Black "Komliakov,V"]
[Result "1/2-1/2"]
[WhiteElo "2383"]
[BlackElo "2438"]

1.e4 d6 2.d4 Nf6 3.Nc3 e5 4.Nf3 Nbd7 5.Bc4 Be7 6.O-O O-O 7.Re1 c6 8.a4 a5
9.b3 exd4 10.Nxd4 Nb6 11.Bf1 d5 12.e5 Ne8 13.Qf3 Bb4 14.Bd2 Qh4 15.Qd3 Nc7
16.Rad1 Bg4 17.f3 Bh5 18.Nf5 Qd8 19.Ne2 Bg6 20.c3 Bc5+ 21.Ned4 Ne6 22.Be3 Nd7
23.f4 Nxd4 24.cxd4 Bb4 25.Bd2 Bxd2 26.Rxd2 c5 27.dxc5 Nxc5 28.Qb5 Bxf5 29.Qxc5 Rc8
30.Qb5 Rc2 31.Red1 Rxd2 32.Rxd2 Be4 33.Qxb7 Qh4 34.g3 Qg4 35.Bg2 h5 36.Bxe4 dxe4
37.Qxe4 h4 38.Kg2 Rc8 39.Qf3 h3+ 40.Kf2 Qe6 41.g4 Rb8 42.Rd3 g5 43.Re3 gxf4
44.Qxf4 Rxb3 45.Qg5+ Kh8 46.Qf6+ Qxf6+ 47.exf6 Rb4 48.Rxh3+ Kg8 49.Ra3 Kh7
50.Kg3 Kg6 51.h3 Kxf6 52.Rf3+ Kg6 53.Rf4 Rb3+ 54.Kh4 Rb4 55.Kg3 Rb3+ 56.Kg2 Rb2+
57.Kf3 Rb3+ 58.Ke4 Ra3 59.Ke5 Re3+ 60.Kd5 Rxh3 61.Kc5 Rb3 62.Rd4 f6 63.Rf4 Rb1
64.Rd4 Kg5 65.Kd5 Rg1 66.Ke6 Re1+ 67.Kf7 Re5 68.Rd6 Re4 69.Rxf6 Kxg4 70.Ra6 Rxa4
71.Ke6 Kf4 72.Kd5 Ra1 73.Kc4 Ke5 74.Kb5 Kd5 75.Rxa5 Rb1+ 76.Ka6+ Kc6 77.Ra2  1/2-1/2

[Event "10th OIBM"]
[Site "Bad Wiessee GER"]
[Date "2006.11.11"]
[Round "8"]
[White "Prusikin,M"]
[Black "Welling,G"]
[Result "1-0"]
[WhiteElo "2560"]
[BlackElo "2371"]

1.d4 d6 2.e4 Nf6 3.Nc3 e5 4.Nf3 exd4 5.Qxd4 Be7 6.Bf4 O-O 7.O-O-O Nc6 8.Qd2 a6
9.Kb1 b5 10.Bd3 Bg4 11.Rde1 Bxf3 12.gxf3 Nd4 13.Qe3 Ne6 14.Bg3 Nc5 15.Bf1 Re8
16.Rg1 Nfd7 17.Nd5 Bf8 18.Qf4 Ne6 19.Qd2 Ne5 20.Be2 Nc5 21.Bf4 Kh8 22.Bg5 f6
23.Be3 c6 24.Nf4 Rb8 25.Rg3 Ne6 26.Nh5 Re7 27.Reg1 Reb7 28.f4 Nc4 29.Qc3 d5
30.Qxf6 Qxf6 31.Nxf6 Be7 32.Nh5 g6 33.f5 gxh5 34.fxe6 Nxe3 35.fxe3 dxe4 36.Bxh5 Bd6
37.R3g2 Rf8 38.Bf7 h6 39.Rg6 Kh7 40.Rg7+ Kh8 41.R7g6 Kh7 42.Bg8+ Rxg8 43.Rxg8 Bxh2
44.R1g2  1-0

[Event "10th OIBM"]
[Site "Bad Wiessee GER"]
[Date "2006.11.11"]
[Round "8"]
[White "Kaplan,S"]
[Black "Landa,K"]
[Result "1/2-1/2"]
[WhiteElo "2402"]
[BlackElo "2570"]

1.e4 d6 2.d4 Nf6 3.Nc3 e5 4.dxe5 dxe5 5.Qxd8+ Kxd8 6.Bc4 Be6 7.Bxe6 fxe6
8.Be3 Bd6 9.O-O-O Ke7 10.f3 Nc6 11.Nh3 a6 12.Nf2 Nh5 13.Nd3 Nf4 14.Rd2 h6
15.h4 Rad8 16.h5 Kf7 17.a3 Nxd3+ 18.Rxd3 Be7 19.Rhd1 Rd6 20.Na4 Rhd8 21.Nc5 Rxd3
22.Nxd3 b6 23.Bf2 Bg5+ 24.Kb1 Rd6 25.c3 Bf6 26.Kc2  1/2-1/2

[Event "RGSU GM"]
[Site "Moscow RUS"]
[Date "2006.11.11"]
[Round "6"]
[White "Mongontuul,B"]
[Black "Kunin,V"]
[Result "1-0"]
[WhiteElo "2383"]
[BlackElo "2492"]

1.e4 d6 2.d4 Nf6 3.Nc3 e5 4.Nf3 Nbd7 5.Bc4 Be7 6.O-O O-O 7.Re1 c6 8.a4 h6
9.b3 exd4 10.Nxd4 Ne5 11.Bf1 Re8 12.Bb2 Ng6 13.Qd2 Bf8 14.Rad1 Qc7 15.Ba3 Bg4
16.f3 Bd7 17.Nde2 Rad8 18.Nf4 d5 19.Bxf8 Nxf4 20.Bc5 dxe4 21.Nxe4 Nxe4 22.Rxe4 Rxe4
23.fxe4 Ne6 24.Be7 Re8 25.Bh4 Bc8 26.Bc4 Qe5 27.Bf2 a6 28.Re1 Rd8 29.Qe3 Qb2
30.Bd3 Nd4 31.Bh4 Re8 32.Rf1 Bf5 33.Qf2 Bg6 34.e5 Bxd3 35.Qxf7+ Kh7 36.cxd3 Rg8
37.e6 Qxb3 38.Re1 Nc2 39.Qxg8+ Kxg8 40.e7 Nxe1 41.e8=Q+ Kh7 42.Qe4+ Kh8 43.Bxe1 b5
44.axb5 Qxb5 45.h3 Qc5+ 46.Bf2 Qc1+ 47.Kh2 a5 48.Qe5 Qf1 49.Bd4 Qf7 50.Qd6 Kh7
51.Be5 Qb7 52.Qa3 Qa7 53.Qa4 c5 54.Kh1 Qe7 55.Bc3 Qd8 56.Qe4+ Kg8 57.Qc4+ Kh7
58.Qf7 Qg5 59.Qc4 a4 60.Bb2 Qd2 61.Qe4+ Kh8 62.Qe5 Qg5 63.Qxg5 hxg5 64.Ba3  1-0

[Event "Festival Prefeitura"]
[Site "Sao Paulo BRA"]
[Date "2006.11.11"]
[Round "1"]
[White "Fier,A"]
[Black "Lima,Da"]
[Result "1/2-1/2"]
[WhiteElo "2490"]
[BlackElo "2466"]

1.e4 d6 2.d4 Nf6 3.Nc3 e5 4.Nf3 Nbd7 5.Bc4 Be7 6.O-O O-O 7.h3 c6 8.a4 b6
9.Bg5 Bb7 10.Bxf6 Bxf6 11.d5 c5 12.Qd3 a6 13.Nd1 g6 14.Ne3 Bg7 15.g4 Nf6
16.Kh2 Bc8 17.Rg1 Kh8 18.Bb3 Bd7 19.c3  1/2-1/2

[Event "ch-CRO"]
[Site "Kutina CRO"]
[Date "2006.11.12"]
[Round "2"]
[White "Brumen,D"]
[Black "Jovanovic,Zo1 SCG"]
[Result "0-1"]
[WhiteElo "2368"]
[BlackElo "2267"]

1.d4 d6 2.e4 Nf6 3.Nc3 e5 4.dxe5 dxe5 5.Qxd8+ Kxd8 6.Bg5 c6 7.O-O-O+ Ke8
8.Bc4 Be7 9.Nf3 Nbd7 10.h3 Bd8 11.a4 Bc7 12.Rhe1 h6 13.Bxf6 Nxf6 14.Nh4 g6
15.f4 Ke7 16.fxe5 Bxe5 17.Nf3 Bxc3 18.bxc3 Nd7 19.Rf1 Rf8 20.e5 Nc5 21.a5 Be6
22.Bxe6 Nxe6 23.Nd4 a6 24.Rf6 Nc5 25.Nb3 Ne4 26.Rf3 Rad8 27.Rd4 Ng5 28.Rfd3 Ne6
29.Rb4 Rb8 30.Nd2 Nc5 31.Re3 Rfd8 32.Rf3 Rd5 33.Rbf4 Rf8 34.Re3 Ne6 35.Rb4 Rb5
36.Nc4 Rb8 37.Rf3 Ng5 38.Rd3 Ne4 39.Kb2 Rd8 40.Re3 Nc5 41.Rf3 Nd7 42.Rf1 Rb8
43.Re1 b6 44.axb6 Nxb6 45.Nd6 Rxb4+ 46.cxb4 Nd5 47.c3 a5 48.Ka3 axb4+ 49.cxb4 Nxb4
50.Rf1 Nc2+ 51.Ka2 Rf8 52.Kb3 Ne3 53.Rc1 Kd7 54.Ne4 Nxg2 55.Nc5+ Ke7 56.Ra1 Re8
57.Kc4 Nf4 58.h4 Kf8 59.Rf1 Ne6 60.Ne4 Ra8 61.Nd6 Ra4+ 62.Kd3 Nf4+ 63.Ke3 Nd5+
64.Kd2 Rf4 65.Rc1 Rd4+ 66.Ke1 Nb4 67.Ke2 Rd5 68.Nc4 Nd3 69.Rc3 Nxe5 70.Ne3 Rd4
71.h5 Re4 72.Kd1 Kg7 73.Rb3 Kf6 74.Nf1 gxh5 75.Ng3 Rd4+ 76.Ke2 h4 77.Nf1 Kg5
78.Rb8 Re4+ 79.Kf2 Ng4+ 80.Kg1 h3  0-1

[Event "RGSU Masters"]
[Site "Moscow RUS"]
[Date "2006.11.12"]
[Round "7"]
[White "Kislov,O"]
[Black "Drozdova,D"]
[Result "1-0"]
[WhiteElo "2267"]
[BlackElo "2145"]

1.d4 Nf6 2.Nc3 d6 3.e4 e5 4.dxe5 dxe5 5.Qxd8+ Kxd8 6.Bc4 Be6 7.Bxe6 fxe6
8.f3 Bd6 9.Nh3 Nc6 10.Be3 Ke7 11.Na4 Nd4 12.O-O-O Ne2+ 13.Kb1 b5 14.Nc5 Nf4
15.Bxf4 exf4 16.Nd3 e5 17.Nhxf4 exf4 18.e5 Bxe5 19.Rhe1 a6 20.Nxe5 Rhe8 21.Ng6+ Kf7
22.Nxf4 Rad8 23.Kc1 Rxd1+ 24.Kxd1 Rd8+ 25.Ke2 c5 26.Rd1 Re8+ 27.Kf2 g5 28.Nd3 Rc8
29.c4 Kg7 30.Rc1 Nd7 31.Kg3 h6 32.f4 gxf4+ 33.Kxf4 Rf8+ 34.Ke3 Re8+ 35.Kd2 Rd8
36.Kc3 Nf6 37.Nxc5 Rc8 38.b4 Ne4+ 39.Kd4 Nxc5 40.bxc5 b4 41.Kd5 Kf6 42.c6  1-0

[Event "Festival Prefeitura"]
[Site "Sao Paulo BRA"]
[Date "2006.11.12"]
[Round "3"]
[White "Milos,G"]
[Black "Felgaer,R"]
[Result "1/2-1/2"]
[WhiteElo "2563"]
[BlackElo "2591"]

1.d4 d6 2.e4 Nf6 3.Nc3 e5 4.Nf3 Nbd7 5.Bc4 Be7 6.O-O c6 7.a4 O-O 8.Re1 b6
9.d5 cxd5 10.Bxd5 Nxd5 11.Nxd5 Nf6 12.Nxf6+ Bxf6 13.c4 Bb7 14.b3 Be7 15.Ba3 f5
16.Nd2 Qe8 17.Qe2 Qg6 18.f3 Rf6 19.Rad1 Raf8 20.Kh1 Qh5 21.exf5 Rh6 22.h3 Qxf5
23.Rf1 Rff6 24.Rf2 e4 25.Nxe4 Bxe4 26.Kg1 Rfg6 27.Qxe4 Qxh3 28.Qd5+ Kf8 29.Qa8+ Kf7
30.Qd5+  1/2-1/2

[Event "Open"]
[Site "Liberec CZE"]
[Date "2006.11.14"]
[Round "4"]
[White "Pawlowski,S"]
[Black "Bednar,Ma"]
[Result "1-0"]
[WhiteElo "2113"]
[BlackElo "1924"]

1.d4 Nf6 2.Nc3 c6 3.e4 d6 4.f3 g6 5.Be3 Qa5 6.a3 Nbd7 7.g4 b5 8.g5 Nh5 9.Qd2 Bb7
10.Bd3 Bg7 11.Nge2 a6 12.Nd1 Qxd2+ 13.Kxd2 c5 14.c3 f5 15.exf5 gxf5 16.Bxf5 Bxf3
17.Rf1 Bxe2 18.Kxe2 cxd4 19.cxd4 Bf8 20.Rc1 Ng7 21.Be4 Rd8 22.Rc7 Ne6 23.Bd5 Ndc5
24.Ra7 Rd7 25.dxc5 Rxa7 26.Bxe6 Rc7 27.Bd4  1-0

[Event "ch-CRO"]
[Site "Kutina CRO"]
[Date "2006.11.17"]
[Round "7"]
[White "Palac,M"]
[Black "Jovanovic,Zo CRO"]
[Result "1/2-1/2"]
[WhiteElo "2582"]
[BlackElo "2539"]

1.e4 d6 2.d4 Nf6 3.Nc3 e5 4.Nf3 exd4 5.Nxd4 Be7 6.Bf4 O-O 7.Qd2 c6 8.O-O-O d5
9.exd5 Nxd5 10.Nxd5 Qxd5 11.c4 Qd8 12.Bd3 Na6 13.Bb1 Qb6 14.a3 Rd8 15.Rhe1 Bg4
16.f3 Bf6 17.Be5 Bxe5 18.Rxe5 c5 19.fxg4 Rxd4 20.Qe2 Rxd1+ 21.Kxd1 Nc7 22.Be4 Rd8+
23.Kc1 g6 24.Kb1 Rd4 25.Qf3 Qd6 26.Bd5 Nxd5 27.Rxd5 Rxd5 28.cxd5 Kf8 29.h3 Qe5
30.d6 Qxd6 31.Qxb7  1/2-1/2

[Event "IV Final Russian Cup Women"]
[Site "Moscow RUS"]
[Date "2006.11.17"]
[Round "9"]
[White "Shlakich,A"]
[Black "Kirillova,V"]
[Result "1-0"]
[WhiteElo "2105"]
[BlackElo "2244"]

1.d4 d6 2.e4 Nf6 3.Nc3 e5 4.Nf3 Nbd7 5.Bc4 Be7 6.O-O O-O 7.Re1 c6 8.a4 b6
9.Ba2 a6 10.Be3 Bb7 11.Qe2 b5 12.axb5 cxb5 13.Rad1 Qc7 14.dxe5 dxe5 15.Nd5 Nxd5
16.exd5 Bd6 17.h3 Rac8 18.c3 Rfe8 19.Rd2 f5 20.Ng5 Nf6 21.Rdd1 Qe7 22.Qc2 g6
23.Bd4 Nd7 24.f4 Qf6 25.fxe5 Nxe5 26.Ne6 f4 27.Rd2 f3 28.Rf2 a5 29.Bxe5 Bxe5
30.Rxf3 Qh8 31.Qe2 Bd6 32.Qxb5 Re7 33.Ref1 Rg7 34.Qb6  1-0

[Event "TCh-BEL 2006-7"]
[Site "Belgium BEL"]
[Date "2006.11.19"]
[Round "4"]
[White "Leenhouts,K"]
[Black "Lobzhanidze,D"]
[Result "0-1"]
[WhiteElo "2404"]
[BlackElo "2450"]

1.e4 d6 2.d4 Nf6 3.Nc3 e5 4.Nge2 Be7 5.f3 O-O 6.Be3 c6 7.Qd2 b5 8.g3 Nbd7
9.Bg2 b4 10.Nd1 d5 11.O-O Ba6 12.Nf2 dxe4 13.fxe4 exd4 14.Nxd4 Ne5 15.Rfd1 Bc5
16.Nf5 Qxd2 17.Rxd2 Bxe3 18.Nxe3 Rfd8 19.Rad1 Rxd2 20.Rxd2 Kf8 21.Rd4 Rb8
22.Nd3 Bxd3 23.cxd3 c5 24.Rd6 Rb6 25.Rd8+ Ke7 26.Rc8 Rc6 27.Nf5+ Kd7 28.Rxc6 Kxc6
29.Nxg7 Nfg4 30.Bf1 Ne3 31.Be2 c4 32.dxc4 N3xc4 33.Bxc4 Nxc4 34.Nh5 Nxb2
35.Nf6 Nd1 36.Nxh7 Nc3 37.Ng5 f6 38.Nf3 Nxe4 39.Kg2 Kd5 40.h4 Nc3 41.h5 Ke6
42.Nd4+ Kf7 43.Nc6 Nxa2 44.Nxa7 Nc3 45.Nc8 Kg7 46.Nd6 Kh6 47.g4 b3 48.Nc4 Na4
49.Kf3 Kg5 50.Ke4 b2 51.Nxb2 Nxb2 52.h6 Nc4 53.h7 Nd6+ 54.Kd5 Nf7 55.Ke6 Kg6
56.Ke7 Kg7  0-1

[Event "IV Final Russian Cup Women"]
[Site "Moscow RUS"]
[Date "2006.11.19"]
[Round "11"]
[White "Severiukhina,Z"]
[Black "Kirillova,V"]
[Result "1-0"]
[WhiteElo "2203"]
[BlackElo "2244"]

1.e4 d6 2.d4 Nf6 3.Nc3 e5 4.Nge2 Be7 5.f3 c6 6.Be3 b5 7.a3 a6 8.g4 Nbd7 9.g5 Nh5
10.Qd2 g6 11.O-O-O Bb7 12.Ng3 Nf4 13.Nce2 Ne6 14.h4 Qc7 15.f4 exf4 16.Nxf4 Nxf4
17.Bxf4 O-O-O 18.Bh3 Kb8 19.Rhe1 f6 20.Qe3 Rhe8 21.Bxd7 Qxd7 22.e5 fxg5 23.Bxg5 Bxg5
24.Qxg5 Bc8 25.Ne4 dxe5 26.Nf6 Qf7 27.Nxe8 Rxe8 28.Rxe5 Bf5 29.Rxe8+ Qxe8
30.Qf4+ Kc8 31.Qe5 Qe6 32.Re1 Qxe5 33.Rxe5 Kd7 34.Kd2 Be6 35.b3 Kd6 36.Rc5 h6
37.Kd3 Bf5+ 38.Ke3 Be6 39.Kf4 Bf7 40.c4 bxc4 41.bxc4 Be6 42.Ke4 g5 43.hxg5 hxg5
44.Kd3 g4 45.Rg5 Ke7 46.d5 cxd5 47.cxd5 Bf7 48.Kd4 Kd6 49.Rf5 Be8 50.Rf6+ Kc7
51.Rxa6 g3 52.Ra7+  1-0

[Event "Festival Prefeitura"]
[Site "Sao Paulo BRA"]
[Date "2006.11.19"]
[Round "11"]
[White "Vescovi,G"]
[Black "Felgaer,R"]
[Result "1-0"]
[WhiteElo "2592"]
[BlackElo "2591"]

1.e4 d6 2.d4 Nf6 3.Nc3 e5 4.dxe5 dxe5 5.Qxd8+ Kxd8 6.Bc4 Be6 7.Bxe6 fxe6
8.f3 Bd6 9.Be3 Ke7 10.Nb1 Nc6 11.c3 Rag8 12.Nh3 h6 13.Nf2 g5 14.h3 Nh5 15.Nd2 Nf4
16.Rg1 a6 17.g3 Nh5 18.Nd3 Nf6 19.Ke2 Nd7 20.a4 b6 21.Nc4 Nd8 22.b4 Nb7 23.Bf2 h5
24.f4 Ke8 25.fxe5 Be7 26.Nd2 Rh7 27.Nb3 Rf7 28.c4 Rgf8 29.Be3 Nd8 30.b5 a5
31.c5 Nxc5 32.Ndxc5 Bxc5 33.Nxc5 bxc5 34.Bxc5 Rg8 35.Rgf1 g4 36.h4 Rgg7 37.Rf6 Rxf6
38.exf6 Rd7 39.Rd1 Rxd1 40.Kxd1 e5 41.Kd2 Ne6 42.Be3 Kf7 43.Kd3 Kxf6 44.Kc4 Nf8
45.Kd5  1-0

[Event "Capablanca mem Open"]
[Site "Havana CUB"]
[Date "2006.11.21"]
[Round "1"]
[White "Hernandez,T"]
[Black "Blanco,H"]
[Result "0-1"]
[WhiteElo "2201"]
[BlackElo "2426"]

1.e4 d6 2.d4 Nf6 3.Nc3 e5 4.dxe5 dxe5 5.Qxd8+ Kxd8 6.Bg5 Be6 7.O-O-O+ Nd7
8.f4 exf4 9.Nd5 Bd6 10.Nf3 Bxd5 11.Rxd5 Ke8 12.Bxf6 Nxf6 13.Rf5 Ng4 14.Rg5 Nf2
15.Bb5+ c6 16.Rf1 h6 17.Rh5 Ng4 18.Bd3 g6 19.Ra5 Bb4 20.Ra4 a5 21.Nd4 g5
22.c3 Ne5 23.Be2 b5 24.Nxb5 cxb5 25.Bxb5+ Ke7 26.cxb4 Rhb8 27.Be2 Rxb4 28.Rxb4 axb4
29.Kb1 Rd8 30.Kc2 Rd4 31.Kb3 Rxe4 32.Bf3 Rd4 33.Re1 Kd6 34.Rc1 g4 35.Bb7 f3
36.gxf3 gxf3 37.Rf1 Rf4 38.Rf2 Kc5 39.Kc2 Kd4 40.a4 bxa3 41.bxa3 Ke3 42.Rf1 f2
43.Ba6 Ra4 44.Bb5 Rxa3 45.Kb2 Ra5  0-1

[Event "ch-CRO"]
[Site "Kutina CRO"]
[Date "2006.11.21"]
[Round "11"]
[White "Zelcic,R"]
[Black "Jovanovic,Zo CRO"]
[Result "0-1"]
[WhiteElo "2556"]
[BlackElo "2539"]

1.e4 d6 2.d4 Nf6 3.Nc3 e5 4.Nf3 Nbd7 5.Bc4 Be7 6.O-O O-O 7.a4 c6 8.Ba2 exd4
9.Nxd4 Re8 10.h3 Bf8 11.Bg5 h6 12.Bh4 Ne5 13.f4 Ng6 14.Bxf6 Qxf6 15.e5 Qd8
16.e6 Nh8 17.f5 d5 18.Kh1 Qg5 19.Qf3 fxe6 20.fxe6 Bc5 21.Nxd5 cxd5 22.Bxd5 Bxd4
23.Qe4 Bf6 24.Rf5 Qg6 25.Raf1 Bxe6 26.Bxe6+ Kh7 27.Qxb7 Rxe6 28.Qxa8 Re2
29.Rxf6 gxf6 30.Qxa7+ Nf7 31.Rf2 Re1+ 32.Kh2 h5 33.Qd4 Ne5 34.Qf4 Kg7 35.a5 Re4
36.Qd2 h4 37.Qc3 Qg5 38.a6 Re3 39.a7 Rxc3 40.bxc3 Qe3 41.a8=Q Qxf2 42.Qb7+ Kh6
43.Qe4 Kg5 44.Qa8 Qxc2 45.Qa1 Nf3+ 46.Kh1 Nd2 47.Kh2 Qf5 48.Qa8 Qe5+  0-1

[Event "LXXI ch-ESP GpA"]
[Site "Leon ESP"]
[Date "2006.11.22"]
[Round "1"]
[White "Del Rio Angelis,S"]
[Black "Garcia Castro,P"]
[Result "1-0"]
[WhiteElo "2492"]
[BlackElo "2390"]

1.e4 d6 2.d4 Nf6 3.Nc3 e5 4.Nf3 Nbd7 5.Bc4 Be7 6.O-O O-O 7.Re1 c6 8.a4 a5
9.Ba2 Qb6 10.h3 exd4 11.Qxd4 Qb4 12.Qe3 Ne5 13.Nxe5 dxe5 14.Qg3 Nd7 15.Bd2 Qb6
16.Nd1 Qd8 17.Bc3 Bb4 18.Bxb4 axb4 19.Ne3 Qf6 20.a5 Qf4 21.Nc4 Qxg3 22.fxg3 g6
23.Re3 b5 24.axb6 Ba6 25.Nd6 Nxb6 26.Bb3 Kg7 27.c3 c5 28.cxb4 cxb4 29.Rc1 Nc8
30.Nc4 Bxc4 31.Rxc4 Rb8 32.Rd3 Rb6 33.Rc5 Nd6 34.Rxe5 Re8 35.Rxd6  1-0

[Event "19th Belgrade Trophy"]
[Site "Belgrade SRB"]
[Date "2006.11.23"]
[Round "2"]
[White "Nestorovic,DN"]
[Black "Lazic,L"]
[Result "1-0"]
[WhiteElo "2400"]
[BlackElo "2240"]

1.e4 c6 2.Nc3 d6 3.d4 Nf6 4.Bg5 Qa5 5.Qd2 e6 6.f4 d5 7.e5 Ng8 8.Nf3 h6 9.Bh4 Ne7
10.Bd3 Na6 11.O-O Nf5 12.Bf2 h5 13.a3 Qd8 14.Ne2 Be7 15.b3 g6 16.c4 Nc7 17.Nc3 Kf8
18.Rfd1 Ne8 19.b4 Bd7 20.Rab1 a5 21.bxa5 Rxa5 22.Rxb7 Rxa3 23.Rdb1 Bc8 24.R7b6 Qc7
25.c5 Bd8 26.Qb2 Ra7 27.Ra1 Rxa1+ 28.Qxa1 Qd7 29.Rb8 Bc7 30.Ra8 Bb7 31.Ra7 Bc8
32.Na4 Qd8 33.Ra8 Qd7 34.Nb6 Bxb6 35.cxb6 Kg7 36.Ra7  1-0

[Event "19th Belgrade Trophy"]
[Site "Belgrade SRB"]
[Date "2006.11.24"]
[Round "3"]
[White "Pikula,D"]
[Black "Toth,Al"]
[Result "1-0"]
[WhiteElo "2542"]
[BlackElo "2288"]

1.e4 d6 2.d4 Nf6 3.Nc3 e5 4.Nf3 exd4 5.Qxd4 a6 6.Bf4 Nc6 7.Qd2 Be7 8.O-O-O O-O
9.h3 b5 10.Bd3 Nd7 11.Nd5 Bf6 12.Kb1 Nce5 13.Nxe5 Nxe5 14.Nxf6+ Qxf6 15.Bg5 Qe6
16.Be2 Bb7 17.f3 f6 18.Bf4 Rfd8 19.Qa5 Qe7 20.Rhe1 c5 21.Qd2 d5 22.exd5 Rxd5
23.Qe3 Re8 24.Rxd5 Bxd5 25.Bf1 Qf7 26.b3 c4 27.Bg3 cxb3 28.axb3 Bc6 29.Qb6 Qd7
30.f4 Nf7 31.Rxe8+ Qxe8 32.Qxa6 Nd6 33.Qb6 Ne4 34.Be1 Qd7 35.Qe3 f5 36.Be2 Nf6
37.g3 Bg2 38.Qe5 Bc6 39.Bd3 Ne4 40.g4 g6 41.g5  1-0

[Event "75th ch-UKR m"]
[Site "Poltava UKR"]
[Date "2006.11.24"]
[Round "1.1"]
[White "Zherebukh,Y"]
[Black "Eljanov,P"]
[Result "0-1"]
[WhiteElo "2321"]
[BlackElo "2658"]

1.e4 d6 2.d4 Nf6 3.Nc3 e5 4.Nf3 Nbd7 5.Bc4 Be7 6.O-O O-O 7.Re1 c6 8.a4 b6
9.d5 cxd5 10.Nxd5 Bb7 11.b3 Rc8 12.Re2 Nc5 13.Nxf6+ Bxf6 14.Bd5 Qd7 15.Ba3 Bxd5
16.Qxd5 Rfd8 17.Rd1 Ne6 18.Red2 Nd4 19.Nxd4 exd4 20.g3 Rc6 21.Re2 Qc8 22.Rdd2 g6
23.Kg2 h5 24.h4 a6 25.Rxd4 Bxd4 26.Qxd4 Qe6 27.Bb2 Qe5 28.Qxe5 dxe5 29.Bxe5 f6
30.Bb2 Kf7 31.Ba3 Ke6 32.Bb4 Rd4 33.Be1 Rd1 34.f4 Rb1 35.Bf2 Rb2 36.Kf3 Rc3+
37.Be3 b5 38.g4 hxg4+ 39.Kxg4 Rcxc2 40.f5+ gxf5+ 41.exf5+ Kf7 42.Rxc2 Rxc2
43.axb5 axb5 44.Bd4 b4 45.Kf4 Rc1 46.h5 Rb1 47.h6 Rxb3 48.h7 Rh3 49.Ke4 Rxh7
50.Kd3 Rh4  0-1